Sierra Leone : (Record no. 5401)

MARC details
000 -LEADER
fixed length control field 00972nac a22002771i 4500
003 - CONTROL NUMBER IDENTIFIER
control field EG-ScBUE
005 - DATE AND TIME OF LATEST TRANSACTION
control field 20240610123550.0
008 - FIXED-LENGTH DATA ELEMENTS--GENERAL INFORMATION
fixed length control field 240610s2001 couab f b 001 0 eng d
020 ## - INTERNATIONAL STANDARD BOOK NUMBER
International Standard Book Number 1555876986 (pbk. : alk. paper)
020 ## - INTERNATIONAL STANDARD BOOK NUMBER
International Standard Book Number 9781555876982
040 ## - CATALOGING SOURCE
Original cataloging agency EG-ScBUE
Language of cataloging eng
Description conventions rda
Transcribing agency EG-ScBUE
Modifying agency EG-ScBUE
043 ## - GEOGRAPHIC AREA CODE
Geographic area code f-sl---
082 04 - DEWEY DECIMAL CLASSIFICATION NUMBER
Classification number 966.4
Item number HIR
Edition number 22
100 1# - MAIN ENTRY--PERSONAL NAME
Personal name Hirsch, John L.,
Relator term author.
245 10 - TITLE STATEMENT
Title Sierra Leone :
Remainder of title diamonds and the struggle for democracy /
Statement of responsibility, etc John L. Hirsch.
264 #1 - PUBLICATION, DISTRIBUTION, ETC. (IMPRINT)
Place of publication, distribution, etc Boulder, Colorado :
Name of publisher, distributor, etc L. Rienner,
Date of publication, distribution, etc 2001.
300 ## - PHYSICAL DESCRIPTION
Extent 175 pages :
Other physical details illustrations, maps ;
Dimensions 23 cm
336 ## - CONTENT TYPE
Source rdacontent
Content type term text
Content type code txt
337 ## - MEDIA TYPE
Media type term unmediated
Source rdamedia
Media type code n
338 ## - CARRIER TYPE
Carrier type term volume
Carrier type code nc
Source rdacarrier
504 ## - BIBLIOGRAPHY, ETC. NOTE
Bibliography, etc Includes bibliographical references and index.
651 #7 - SUBJECT ADDED ENTRY--GEOGRAPHIC NAME
Source of heading or term BUEsh
Geographic name Sierra Leone
General subdivision History
Chronological subdivision Civil War, 1991-2002.
651 #7 - SUBJECT ADDED ENTRY--GEOGRAPHIC NAME
Source of heading or term BUEsh
Geographic name Sierra Leone
General subdivision Politics and government
Chronological subdivision 1961-
655 ## - INDEX TERM--GENRE/FORM
Form subdivision Reading book
942 ## - ADDED ENTRY ELEMENTS (KOHA)
Koha item type Book - Borrowing
Source of classification or shelving scheme Dewey Decimal Classification
Holdings
Withdrawn status Lost status Source of classification or shelving scheme Damaged status Not for loan Collection code Home library Current library Shelving location Date acquired Source of acquisition Total Checkouts Total Renewals Full call number Barcode Date last seen Date checked out Price effective from Koha item type
    Dewey Decimal Classification     Alahram Central Library Central Library Second Floor 25/10/2007 Purchase 2 2 966.4 HIR 000006644 15/07/2025 03/05/2009 25/10/2007 Book - Borrowing